[Event "BL 8384 Bayern-Koblenz"]
[Site "?"]
[Date "1984.??.??"]
[Round "?.2"]
[White "Kindermann, S."]
[Black "Wolf, V."]
[Result "1-0"]
[WhiteElo "2500"]
[BlackElo "2245"]
[PlyCount "103"]
[EventDate "1984.??.??"]

1. e4 Nf6 2. e5 Nd5 3. d4 d6 4. Nf3 dxe5 5. Nxe5 g6 6. c4 Nf6 7. Nc3 Bg7 8. Be2
O-O 9. O-O c6 10. Bf4 Nbd7 11. Bf3 Nxe5 12. Bxe5 Be6 13. Qe2 Qa5 14. Rad1 Rad8
15. Rfe1 Qb4 16. d5 cxd5 17. cxd5 Bc8 18. Bg3 Rfe8 19. Qb5 Qxb5 20. Nxb5 Nh5
21. Bxh5 gxh5 22. Bh4 Bf6 23. Bxf6 exf6 24. Nc3 f5 25. f4 Bd7 26. Kf2 f6 27.
Rxe8+ Bxe8 28. Ke3 Kf7 29. Kd4 Bd7 30. Re1 b6 31. Re3 Rg8 32. Re2 h4 33. Nd1
Rc8 34. Ne3 Re8 35. Rc2 Re4+ 36. Kd3 Bb5+ 37. Kd2 Rxf4 38. Rc7+ Ke8 39. Rxa7
Rd4+ 40. Ke1 Bd7 41. g3 hxg3 42. hxg3 f4 43. gxf4 Rxf4 44. Rb7 b5 45. Rb8+ Ke7
46. Rh8 Rh4 47. b3 f5 48. Kf2 f4 49. Ng2 Rh2 50. Kg1 Rh3 51. Nxf4 Rh4 52. Ng6+
1-0

[Event "BL 8384 Bayern-Koblenz"]
[Site "?"]
[Date "1984.??.??"]
[Round "?.3"]
[White "Schulz, KJ."]
[Black "Hecht, H."]
[Result "1/2-1/2"]
[WhiteElo "2330"]
[BlackElo "2450"]
[PlyCount "47"]
[EventDate "1984.??.??"]

1. e4 e5 2. Nf3 Nc6 3. Bb5 Nf6 4. O-O Bc5 5. c3 O-O 6. d4 Bb6 7. Bg5 d6 8. Bxc6
bxc6 9. dxe5 dxe5 10. Qxd8 Rxd8 11. Nbd2 Ba6 12. Bxf6 gxf6 13. Rfe1 Rd3 14. Nf1
Rad8 15. Ng3 Bc8 16. Nf5 Kf8 17. Kf1 a5 18. Rec1 Bxf5 19. exf5 e4 20. Nd4 Bxd4
21. cxd4 Rd2 22. Rxc6 R8xd4 23. Rac1 Rxb2 24. R1c2 1/2-1/2

[Event "BL 8384 Bayern-Koblenz"]
[Site "?"]
[Date "1984.??.??"]
[Round "?.5"]
[White "Trauth, M."]
[Black "Klundt, K."]
[Result "1/2-1/2"]
[WhiteElo "2235"]
[BlackElo "2340"]
[PlyCount "65"]
[EventDate "1984.??.??"]

1. Nf3 Nf6 2. c4 g6 3. g3 Bg7 4. Bg2 O-O 5. Nc3 d6 6. d3 e5 7. Rb1 a5 8. a3 Nc6
9. b4 axb4 10. axb4 Nd4 11. O-O c6 12. b5 h6 13. Nxd4 exd4 14. bxc6 bxc6 15.
Nb5 cxb5 16. Bxa8 bxc4 17. Bf3 c3 18. Ba3 Qc7 19. Rb4 Nd7 20. Qc2 Nc5 21. Rfb1
Qa7 22. Bc1 Be6 23. h4 Qa2 24. Qxa2 Bxa2 25. Ra1 Be6 26. Ra3 Rc8 27. Bf4 h5 28.
Kf1 Be5 29. Bc1 Kg7 30. Ke1 Kh7 31. Kd1 c2+ 32. Kd2 Bg7 33. e3 1/2-1/2

[Event "BL 8384 Bayern-Koblenz"]
[Site "?"]
[Date "1984.??.??"]
[Round "?.7"]
[White "Brueckner, T."]
[Black "Schubert, C."]
[Result "1-0"]
[WhiteElo "2250"]
[BlackElo "2260"]
[PlyCount "89"]
[EventDate "1984.??.??"]

1. e4 c5 2. Nc3 e6 3. Nf3 Nc6 4. Bb5 Nd4 5. Nxd4 cxd4 6. Ne2 Qg5 7. a4 a6 8.
Bc4 d5 9. exd5 exd5 10. d3 Qxg2 11. Rg1 Qxh2 12. Bxd5 Nf6 13. Bf4 Qh3 14. Rg3
Qd7 15. Bf3 a5 16. Qd2 Ra6 17. Kf1 Be7 18. Rxg7 Nh5 19. Rg1 Rg6 20. Bg3 Rf6 21.
Bxh5 Qh3+ 22. Rg2 Qh1+ 23. Ng1 Bh3 24. f4 Bxg2+ 25. Qxg2 Qxh5 26. Qxb7 Re6 27.
Qb5+ Qxb5 28. axb5 Bd8 29. Nf3 Rd6 30. Re1+ Kf8 31. f5 Rh6 32. Be5 Rg8 33. Bxd4
Bb6 34. Bxb6 Rxb6 35. c4 Rg4 36. Kf2 Rf4 37. Re5 f6 38. Rc5 h5 39. Ke3 Rg4 40.
Rc7 Rg2 41. b3 h4 42. Rh7 Rb2 43. Nd4 Rh2 44. c5 Rh3+ 45. Ke4 1-0

[Event "BL 8384 Enger-Bamberg"]
[Site "?"]
[Date "1984.??.??"]
[Round "?.1"]
[White "Seppeur, R."]
[Black "Podzielny, K."]
[Result "1-0"]
[WhiteElo "2310"]
[BlackElo "2405"]
[PlyCount "57"]
[EventDate "1984.??.??"]

1. e4 c5 2. Nc3 Nc6 3. g3 g6 4. Bg2 Bg7 5. d3 d6 6. Be3 e5 7. Qd2 Nge7 8. Bh6
O-O 9. Bxg7 Kxg7 10. f4 Be6 11. h4 h5 12. Bh3 Nd4 13. Bxe6 fxe6 14. O-O-O Nec6
15. Kb1 Qa5 16. Nh3 b5 17. Rhf1 Rab8 18. Ng5 c4 19. Ne2 Nxe2 20. Qxe2 c3 21.
Qe1 Nb4 22. a3 Rfc8 23. fxe5 Nxc2 24. Rf7+ Kg8 25. Qf2 Nxa3+ 26. bxa3 c2+ 27.
Ka2 Rc7 28. Qf6 c1=N+ 29. Kb1 1-0

[Event "BL 8384 Enger-Bamberg"]
[Site "?"]
[Date "1984.??.??"]
[Round "?.2"]
[White "Gruen, G."]
[Black "Bartsch, B."]
[Result "1-0"]
[WhiteElo "2290"]
[BlackElo "2265"]
[PlyCount "55"]
[EventDate "1984.??.??"]

1. d4 Nf6 2. Nf3 e6 3. c4 Bb4+ 4. Bd2 Qe7 5. g3 Nc6 6. Nc3 Bxc3 7. Bxc3 Ne4 8.
Rc1 Nb4 9. Qb3 a5 10. a3 Nxc3 11. axb4 Ne4 12. Ra1 b6 13. Bg2 O-O 14. O-O f5
15. bxa5 bxa5 16. Ra4 c5 17. Rfa1 cxd4 18. Nxd4 Qc5 19. e3 Ba6 20. Qc2 Bb7 21.
Nb3 Qc7 22. Nxa5 Nc5 23. Nxb7 Rxa4 24. Rxa4 Nxa4 25. Qxa4 d5 26. Qa6 dxc4 27.
Qxe6+ Kh8 28. Nd6 1-0

[Event "BL 8384 Enger-Bamberg"]
[Site "?"]
[Date "1984.??.??"]
[Round "?.3"]
[White "Backwinkel, P."]
[Black "Fleck, J."]
[Result "1-0"]
[WhiteElo "2330"]
[BlackElo "2365"]
[PlyCount "89"]
[EventDate "1984.??.??"]

1. e4 e6 2. d4 d5 3. Nc3 Nf6 4. e5 Nfd7 5. f4 c5 6. Nf3 Nc6 7. Be3 a6 8. Qd2 b5
9. dxc5 Bxc5 10. Bxc5 Nxc5 11. Bd3 f5 12. exf6 Qxf6 13. O-O b4 14. Ne2 Qxb2 15.
Rab1 Qf6 16. Ne5 Nxe5 17. fxe5 Qxe5 18. Rxb4 Nxd3 19. cxd3 Rf8 20. Rbf4 Rxf4
21. Nxf4 Qd4+ 22. Kh1 Rb8 23. h3 Bd7 24. Nh5 Rb7 25. Qe2 Bc8 26. Qf3 Qc5 27. d4
Qe7 28. Qd3 Kd7 29. Qxh7 Kc7 30. Nf4 Kb8 31. Nd3 Rc7 32. Nc5 Qd6 33. Qd3 a5 34.
Rb1+ Ka7 35. Qg3 Rc6 36. Qxg7+ Ka8 37. Nd3 e5 38. Nc5 Rc7 39. Qg8 Ka7 40. Qg5
Rh7 41. Qe3 Rh4 42. Rf1 Qg6 43. Rf8 Bxh3 44. gxh3 Qh7 45. Kh2 1-0

[Event "BL 8384 Enger-Bamberg"]
[Site "?"]
[Date "1984.??.??"]
[Round "?.4"]
[White "Kunsztowicz, U."]
[Black "Treppner, G."]
[Result "1/2-1/2"]
[WhiteElo "2350"]
[BlackElo "2345"]
[PlyCount "113"]
[EventDate "1984.??.??"]

1. d4 d6 2. e4 Nf6 3. Nc3 g6 4. Be3 Bg7 5. Qd2 Ng4 6. Bg5 h6 7. Bh4 c6 8. O-O-O
b5 9. h3 Nf6 10. Bd3 b4 11. Nce2 Qb6 12. f4 Ba6 13. e5 dxe5 14. fxe5 Nd5 15. e6
f5 16. g4 Bxd3 17. Qxd3 Qa6 18. gxf5 Qxd3 19. Rxd3 gxf5 20. Rg3 O-O 21. Nf3 Kh7
22. Rhg1 Bh8 23. c4 bxc3 24. bxc3 Na6 25. c4 Nf6 26. Nf4 Rg8 27. Ng6 Nc7 28.
Nxh8 Kxh8 29. Bxf6+ exf6 30. Rg6 Rxg6 31. Rxg6 Nxe6 32. Rxf6 Re8 33. Rxf5 Kg7
34. Kd2 Kg6 35. Re5 Kf6 36. d5 cxd5 37. cxd5 Ng7 38. Rxe8 Nxe8 39. Ke3 Kf5 40.
Nd4+ Ke5 41. Nc6+ Kxd5 42. Nxa7 Nd6 43. Kf4 Kc5 44. Ke5 h5 45. Kf4 Kb6 46. Kg5
Kxa7 47. Kxh5 Ne4 48. Kg6 Ng3 49. Kg5 Kb6 50. Kg4 Ne4 51. Kf4 Nf6 52. Kf5 Nh5
53. h4 Kb5 54. Kg5 Ng3 55. Kg4 Ne4 56. Kf4 Nf6 57. Kf5 1/2-1/2

[Event "BL 8384 Enger-Bamberg"]
[Site "?"]
[Date "1984.??.??"]
[Round "?.7"]
[White "Ruehrig, V."]
[Black "Stertenbrink, G."]
[Result "1-0"]
[WhiteElo "2330"]
[BlackElo "2225"]
[PlyCount "57"]
[EventDate "1984.??.??"]

1. e4 c5 2. Nf3 g6 3. d4 cxd4 4. Qxd4 Nf6 5. Bb5 a6 6. e5 axb5 7. exf6 e6 8.
Nc3 Nc6 9. Qh4 b4 10. Nb5 Ra5 11. c4 bxc3 12. a4 cxb2 13. Bxb2 Bb4+ 14. Ke2 b6
15. Ne5 Ba6 16. Nxc6 Rxb5 17. axb5 Bxb5+ 18. Ke3 dxc6 19. Rhd1 Bc5+ 20. Bd4 Qb8
21. Kf3 Bxd4 22. Qxd4 O-O 23. Qe3 Kh8 24. Qh6 Rg8 25. Rd7 Qe5 26. Qg7+ Rxg7 27.
Ra8+ Rg8 28. Rxg8+ Kxg8 29. Rd8# 1-0

[Event "BL 8384 HSK-Bochum"]
[Site "?"]
[Date "1984.??.??"]
[Round "?.2"]
[White "Cordes, H."]
[Black "Budde, V."]
[Result "0-1"]
[WhiteElo "2305"]
[BlackElo "2355"]
[PlyCount "82"]
[EventDate "1984.??.??"]

1. d4 Nf6 2. c4 c5 3. d5 a6 4. a4 e5 5. Nc3 d6 6. e4 Be7 7. g3 O-O 8. Bg2 Nbd7
9. Nge2 Ne8 10. O-O g6 11. Bh6 Ng7 12. Qd2 Nf6 13. h3 Kh8 14. Kh2 Ng8 15. Be3
f5 16. f4 Bf6 17. Rf2 Bd7 18. Ng1 Nh5 19. Nce2 fxe4 20. Bxe4 exf4 21. Nxf4 Qe7
22. Bd3 Be5 23. Nxh5 Rxf2+ 24. Bxf2 gxh5 25. Nf3 Bf6 26. Re1 Qg7 27. Qf4 Be7
28. b3 Rf8 29. Qe3 Bf6 30. Re2 Nh6 31. Be1 Nf7 32. Nh4 Bd4 33. Qe7 Bc8 34. Bf5
Bf6 35. Qc7 Bxh4 36. Bxc8 Bxg3+ 37. Bxg3 Rg8 38. Rg2 h4 39. Bg4 hxg3+ 40. Rxg3
h5 41. Rf3 Ne5 0-1

[Event "BL 8384 HSK-Bochum"]
[Site "?"]
[Date "1984.??.??"]
[Round "?.3"]
[White "Heinbuch, D."]
[Black "Gruenberg, Ra"]
[Result "1/2-1/2"]
[WhiteElo "2280"]
[BlackElo "2265"]
[PlyCount "45"]
[EventDate "1984.??.??"]

1. c4 Nf6 2. Nc3 d5 3. cxd5 Nxd5 4. Nf3 c5 5. g3 Nc6 6. Nxd5 Qxd5 7. Bg2 g6 8.
O-O Bg7 9. d3 O-O 10. Be3 Bd7 11. Nd4 Qd6 12. Nxc6 Bxc6 13. Bxc6 Qxc6 14. Rc1
Bxb2 15. Rxc5 Qd7 16. Qb3 b6 17. Rc4 Be5 18. Rfc1 Rfc8 19. a4 Rxc4 20. Rxc4 Rd8
21. Qb5 f6 22. f4 Bd6 23. Qxd7 1/2-1/2

[Event "BL 8384 HSK-Bochum"]
[Site "?"]
[Date "1984.??.??"]
[Round "?.4"]
[White "Hess, C."]
[Black "Beckemeyer, W."]
[Result "0-1"]
[WhiteElo "2230"]
[BlackElo "2290"]
[PlyCount "98"]
[EventDate "1984.??.??"]

1. d4 Nf6 2. Nf3 d6 3. c4 g6 4. Nc3 Bg7 5. e4 O-O 6. Be2 Nbd7 7. O-O e5 8. Be3
Qe7 9. Qc2 c6 10. d5 c5 11. a3 Ne8 12. Bg5 f6 13. Bh4 Qf7 14. b4 Bh6 15. Rab1
f5 16. Bg5 Bg7 17. Bd2 h6 18. Ne1 b6 19. Qc1 Kh7 20. Nd3 Ndf6 21. f3 f4 22.
bxc5 bxc5 23. Bd1 Ba6 24. Nb5 g5 25. Qc2 Bc8 26. Nf2 h5 27. h3 Qg6 28. Qd3 Rg8
29. Ba5 Bf8 30. Nc7 Nxc7 31. Bxc7 Be7 32. Be2 g4 33. fxg4 hxg4 34. hxg4 Nxg4
35. Nxg4 Bxg4 36. Bxg4 Qxg4 37. Qf3 Qh4 38. Rb7 Rg7 39. Rb8 Rxb8 40. Bxb8 Qh6
41. Rb1 Bd8 42. Rb3 Rg3 43. Qd1 Bb6 44. Rf3 Ba5 45. Qd3 Qg5 46. Rxg3 fxg3 47.
Qb3 Kg6 48. Kf1 Qf4+ 49. Ke2 Qf2+ 0-1

[Event "BL 8384 HSK-Bochum"]
[Site "?"]
[Date "1984.??.??"]
[Round "?.5"]
[White "Ackermann, H."]
[Black "Zieher, H."]
[Result "0-1"]
[WhiteElo "2255"]
[BlackElo "2235"]
[PlyCount "118"]
[EventDate "1984.??.??"]

1. e4 e5 2. Nc3 Nc6 3. g3 Nf6 4. Bg2 Bc5 5. Nge2 d6 6. h3 a6 7. d3 O-O 8. O-O
Nd4 9. Nxd4 Bxd4 10. Ne2 Bb6 11. c4 c6 12. Qb3 Nd7 13. Qc3 f5 14. exf5 Rxf5 15.
d4 exd4 16. Nxd4 Rf7 17. Be3 Ne5 18. f4 Ng6 19. Rad1 Qf6 20. Qa3 Re7 21. Nc2
Bc7 22. Bd4 Qf7 23. Ne3 Kh8 24. Qd3 Bd7 25. h4 h6 26. Be4 Nf8 27. f5 Nh7 28.
Ng4 Nf6 29. Nxf6 gxf6 30. Bg2 Rae8 31. b4 b5 32. cxb5 axb5 33. Qc3 Kg7 34. g4
d5 35. Rde1 Be5 36. Bxe5 Rxe5 37. Rxe5 Rxe5 38. Re1 Qe7 39. Rxe5 Qxe5 40. Qxe5
fxe5 41. Kf2 h5 42. g5 Bxf5 43. Ke3 Kg6 44. Bf3 Bg4 45. Bg2 Kf5 46. Bf1 Ke6 47.
Bd3 e4 48. Bc2 Ke5 49. a4 d4+ 50. Kd2 bxa4 51. Bxa4 e3+ 52. Kd3 Bf5+ 53. Ke2
Kf4 54. Bb3 d3+ 55. Kf1 d2 56. Ke2 Bg4+ 57. Kd3 d1=Q+ 58. Bxd1 Bxd1 59. g6 Bb3
0-1

[Event "BL 8384 Delmenhorst-Solingen"]
[Site "?"]
[Date "1984.??.??"]
[Round "?.3"]
[White "Lobron, E."]
[Black "Juhnke, K."]
[Result "1-0"]
[WhiteElo "2480"]
[BlackElo "2325"]
[PlyCount "63"]
[EventDate "1984.??.??"]

1. e4 c5 2. Nf3 d6 3. d4 cxd4 4. Nxd4 Nf6 5. Nc3 a6 6. Be3 e6 7. f4 b5 8. Qf3
Bb7 9. Bd3 Nbd7 10. g4 b4 11. Nce2 Nc5 12. Ng3 Qc7 13. g5 Nfd7 14. h4 g6 15. h5
e5 16. hxg6 fxg6 17. Nde2 exf4 18. Nxf4 Ne5 19. Qe2 Be7 20. a3 bxa3 21. Rxa3
O-O 22. Bc4+ Nxc4 23. Qxc4+ d5 24. exd5 Nd3+ 25. cxd3 Qxc4 26. dxc4 Bxa3 27.
bxa3 Rac8 28. c5 Rce8 29. Kd2 Bxd5 30. Nxd5 Rd8 31. Ne4 Rxd5+ 32. Ke2 1-0

[Event "BL 8384 Delmenhorst-Solingen"]
[Site "?"]
[Date "1984.??.??"]
[Round "?.6"]
[White "Tielemann, K."]
[Black "Meyer, CD."]
[Result "1/2-1/2"]
[WhiteElo "2225"]
[BlackElo "2320"]
[PlyCount "104"]
[EventDate "1984.??.??"]

1. d4 d6 2. e4 Nf6 3. Nc3 g6 4. Bg5 h6 5. Bf4 Bg7 6. Qd2 g5 7. Bg3 Nh5 8. Nge2
Na6 9. f3 c5 10. Bf2 Bd7 11. Nc1 Nf4 12. g3 Ne6 13. Nb3 cxd4 14. Nxd4 Qa5 15.
Bg2 Rc8 16. O-O Nxd4 17. Bxd4 Bxd4+ 18. Qxd4 Qc5 19. Qxc5 Rxc5 20. Rad1 Be6 21.
Rfe1 Nc7 22. Rd2 b5 23. a3 O-O 24. Ne2 Rb8 25. c3 a5 26. b4 Rc4 27. Rc1 Ra8 28.
Bf1 axb4 29. axb4 Ra3 30. Rdc2 Rc6 31. Nd4 Rb6 32. f4 Bd7 33. c4 bxc4 34. Rxc4
Na6 35. b5 Nc5 36. e5 gxf4 37. gxf4 dxe5 38. fxe5 Rg6+ 39. Bg2 Nd3 40. e6 Bxe6
41. Nxe6 fxe6 42. Rd1 Ra2 43. Rxd3 Rgxg2+ 44. Kf1 Raf2+ 45. Ke1 Rxh2 46. Rh3
Rxh3 47. Kxf2 Rb3 48. Rc5 Kg7 49. Ke2 Kf6 50. Kd2 e5 51. Kc2 Rg3 52. Rc8 Rg2+
1/2-1/2

[Event "BL 8384 Delmenhorst-Solingen"]
[Site "?"]
[Date "1984.??.??"]
[Round "?.7"]
[White "Capelan, G."]
[Black "Hickl, T."]
[Result "1-0"]
[WhiteElo "2425"]
[BlackElo "2300"]
[PlyCount "51"]
[EventDate "1984.??.??"]

1. e4 c6 2. d4 d5 3. Nd2 dxe4 4. Nxe4 Nf6 5. Nxf6+ gxf6 6. Ne2 Bg4 7. Qd3 Na6
8. Qb3 Qd7 9. Be3 e6 10. Ng3 Bd6 11. h3 Bxg3 12. hxg4 Bd6 13. Bd3 Nb4 14. Rxh7
O-O-O 15. Rxh8 Rxh8 16. O-O-O Nd5 17. Bd2 Nf4 18. Bf1 Rh2 19. Qf3 Ng6 20. Qxf6
Be7 21. g3 Qd5 22. c4 Qe4 23. Qxf7 Qxg4 24. d5 cxd5 25. cxd5 exd5 26. Bd3 1-0

[Event "BL 8384 Delmenhorst-Solingen"]
[Site "?"]
[Date "1984.??.??"]
[Round "?.8"]
[White "Dornieden, M."]
[Black "Borngaesser, R."]
[Result "0-1"]
[WhiteElo "2290"]
[BlackElo "2340"]
[PlyCount "42"]
[EventDate "1984.??.??"]

1. d4 f5 2. Bg5 h6 3. Bh4 c5 4. e3 Qb6 5. Nc3 cxd4 6. exd4 Qxb2 7. Nb5 g5 8.
Rb1 Qxa2 9. Nc7+ Kd8 10. Nxa8 Qa5+ 11. Qd2 Qxd2+ 12. Kxd2 b6 13. Nf3 Bg7 14.
Bd3 Bb7 15. Nxb6 axb6 16. Rxb6 Bxf3 17. Rxb8+ Kc7 18. Rxg8 Rxg8 19. gxf3 gxh4
20. Rg1 e6 21. d5 Bc3+ 0-1

[Event "BL 8384 Bochum-Delmenhorst"]
[Site "?"]
[Date "1984.??.??"]
[Round "?.1"]
[White "Hermann, Man"]
[Black "Schussler, H."]
[Result "1/2-1/2"]
[WhiteElo "2335"]
[BlackElo "2485"]
[PlyCount "47"]
[EventDate "1984.??.??"]

1. e4 c5 2. c3 d5 3. exd5 Qxd5 4. d4 e6 5. Nf3 Nf6 6. Bd3 Be7 7. O-O O-O 8. Bg5
Rd8 9. Bc2 cxd4 10. cxd4 Nc6 11. Be3 b6 12. Nc3 Qd6 13. Ne4 Nxe4 14. Bxe4 Bb7
15. Ne5 f5 16. Bf3 Bf6 17. Qa4 Na5 18. Bxb7 Nxb7 19. Rfd1 Qd5 20. Rac1 b5 21.
Qb3 Qxb3 22. axb3 Na5 23. Nc6 Nxc6 24. Rxc6 1/2-1/2

[Event "BL 8384 Bochum-Delmenhorst"]
[Site "?"]
[Date "1984.??.??"]
[Round "?.2"]
[White "Budde, V."]
[Black "Meyer, H."]
[Result "1/2-1/2"]
[WhiteElo "2355"]
[BlackElo "2340"]
[PlyCount "103"]
[EventDate "1984.??.??"]

1. d4 d5 2. c4 e6 3. Nc3 c5 4. cxd5 exd5 5. Nf3 Nc6 6. g3 Nf6 7. Bg2 Be7 8. O-O
O-O 9. dxc5 Bxc5 10. Bg5 d4 11. Bxf6 Qxf6 12. Nd5 Qd8 13. Nd2 a6 14. Rc1 Ba7
15. Nf4 Bd7 16. Ne4 Rb8 17. Qd2 Qe7 18. Nd3 Bf5 19. Nec5 Ne5 20. Qf4 Nxd3 21.
exd3 Bxc5 22. Qxf5 Bb4 23. a3 Bd2 24. Rc2 Bh6 25. Be4 g6 26. Qh3 Kg7 27. Bf3
Rfe8 28. Re2 Qf6 29. Rxe8 Rxe8 30. Qd7 Re7 31. Qd5 a5 32. Kg2 Qb6 33. b4 axb4
34. Rb1 Bd2 35. axb4 Bc3 36. b5 Qe6 37. Qxe6 fxe6 38. b6 Kf6 39. Rb5 Rd7 40.
Rc5 Ke7 41. Rc7 Ba5 42. Rxb7 Rxb7 43. Bxb7 Bxb6 44. Kf3 Kf6 45. Ke4 g5 46. Bc6
Ba7 47. Be8 Bb6 48. f4 gxf4 49. Kxf4 Bc5 50. Kg4 Bb4 51. Kh5 Bd2 52. Bc6
1/2-1/2

[Event "BL 8384 Bochum-Delmenhorst"]
[Site "?"]
[Date "1984.??.??"]
[Round "?.3"]
[White "Juhnke, K."]
[Black "Heinbuch, D."]
[Result "1/2-1/2"]
[WhiteElo "2325"]
[BlackElo "2280"]
[PlyCount "101"]
[EventDate "1984.??.??"]

1. d4 d5 2. c4 dxc4 3. Nf3 Nf6 4. e3 e6 5. Bxc4 a6 6. a4 c5 7. O-O Nc6 8. Qe2
cxd4 9. Rd1 Be7 10. exd4 O-O 11. Nc3 Nb4 12. Ne5 Nfd5 13. Ne4 Bd7 14. Ra3 f6
15. Nxd7 Qxd7 16. Rh3 Rf7 17. Bb3 Rc8 18. Qh5 g6 19. Rg3 f5 20. Nc5 Bxc5 21.
dxc5 Rxc5 22. Qh6 f4 23. Bxf4 Rxf4 24. Qxf4 Nxf4 25. Rxd7 Rc1+ 26. Rd1 Ne2+ 27.
Kf1 Nxg3+ 28. hxg3 Rxd1+ 29. Bxd1 Kf7 30. Ke2 Ke7 31. Kd2 Kd6 32. Kc3 Kc5 33.
Bf3 b6 34. Bg4 e5 35. Be6 g5 36. b3 h6 37. Bc4 e4 38. f3 exf3 39. gxf3 h5 40.
Bf1 a5 41. Bg2 Nc6 42. Kd3 Nd4 43. f4 gxf4 44. gxf4 Nxb3 45. f5 Kd6 46. Kc4 Nc5
47. Kb5 Ke5 48. Kxb6 Nxa4+ 49. Kxa5 Nc3 50. Kb4 Ne2 51. Bf3 1/2-1/2

[Event "BL 8384 Bochum-Delmenhorst"]
[Site "?"]
[Date "1984.??.??"]
[Round "?.5"]
[White "Ditt, E."]
[Black "Beckemeyer, W."]
[Result "0-1"]
[WhiteElo "2300"]
[BlackElo "2290"]
[PlyCount "102"]
[EventDate "1984.??.??"]

1. c4 Nf6 2. Nc3 g6 3. g3 Bg7 4. Bg2 O-O 5. b4 c6 6. Rb1 d5 7. cxd5 cxd5 8. Qb3
d4 9. Nd5 Be6 10. Nxf6+ Bxf6 11. Qa3 Bd5 12. Nf3 e5 13. O-O e4 14. Ne1 Nc6 15.
d3 Re8 16. b5 exd3 17. Nxd3 Bxg2 18. Kxg2 Na5 19. Re1 Rc8 20. Qa4 b6 21. Bd2
Nc4 22. Bb4 Qd5+ 23. Kg1 h5 24. Nf4 Qd7 25. Rbc1 a5 26. Be7 Nb2 27. Qb3 Rxc1
28. Rxc1 Bxe7 29. Qxb2 Bg5 30. Qd2 Qxb5 31. Qxd4 Bxf4 32. Qxf4 Qxe2 33. a3 b5
34. h3 Qe4 35. Qd2 b4 36. axb4 axb4 37. Qd6 b3 38. Qa3 Rb8 39. Qb2 h4 40. gxh4
Qxh4 41. Qe5 Qb4 42. Qb2 Qe4 43. Rc7 Qe6 44. Kg2 Rb5 45. Rc3 Qe4+ 46. f3 Qe6
47. h4 Rb8 48. Rc1 Ra8 49. Qc3 Kh7 50. Re1 Ra2+ 51. Kg3 Qd6+ 0-1

[Event "BL 8384 Bochum-Delmenhorst"]
[Site "?"]
[Date "1984.??.??"]
[Round "?.6"]
[White "Ackermann, H."]
[Black "Tielemann, K."]
[Result "0-1"]
[WhiteElo "2255"]
[BlackElo "2225"]
[PlyCount "137"]
[EventDate "1984.??.??"]

1. e4 c5 2. Nf3 Nc6 3. Bb5 g6 4. O-O Bg7 5. c3 Nf6 6. Re1 O-O 7. h3 e5 8. d3 d6
9. Na3 Nh5 10. Bc4 h6 11. Nc2 Kh7 12. Be3 f5 13. exf5 Rxf5 14. Bd5 Rf8 15. Nd2
Ne7 16. Bf3 Nf4 17. Bxf4 Rxf4 18. g3 Rf8 19. Bg2 Be6 20. Qe2 Qd7 21. Kh2 Rae8
22. a4 b6 23. a5 b5 24. Ne4 a6 25. Ne3 Rc8 26. Rec1 d5 27. Nd2 Rcd8 28. Nc2 Nc6
29. Rf1 c4 30. dxc4 bxc4 31. Ne3 Qc7 32. Qd1 Na7 33. Qa4 Nb5 34. Rad1 Rd7 35.
Qb4 Rc8 36. Ng4 h5 37. Nf3 Bg8 38. Ng5+ Kh8 39. Ne3 d4 40. Nc2 Bf8 41. Qa4 dxc3
42. Rxd7 Qxd7 43. bxc3 Bh6 44. Ne4 Qe7 45. Nb4 Qa7 46. Qc2 Kg7 47. Rd1 Rc7 48.
Qe2 Rd7 49. Nc6 Qc7 50. Rxd7+ Qxd7 51. Nxe5 Qe6 52. f4 h4 53. Qd2 hxg3+ 54.
Kxg3 Kh8 55. Ng4 Bg7 56. Qd8 Qf5 57. Ne3 Qf8 58. Qh4+ Bh6 59. Nf6 Nd6 60. Nxg8
Kxg8 61. Qg4 Kh8 62. Bd5 Qe7 63. Kf3 Qf6 64. h4 Kh7 65. Qd7+ Bg7 66. Qg4 Bh6
67. Qd7+ Bg7 68. Qg4 Bh6 69. Bxc4 {ZÜ} 0-1

[Event "BL 8384 Bochum-Delmenhorst"]
[Site "?"]
[Date "1984.??.??"]
[Round "?.7"]
[White "Schlemermeyer, W."]
[Black "Wittmann, R."]
[Result "1-0"]
[WhiteElo "2220"]
[BlackElo "2305"]
[PlyCount "103"]
[EventDate "1984.??.??"]

1. e4 c5 2. Nc3 Nc6 3. g3 g6 4. Bg2 Bg7 5. d3 e6 6. Nge2 Nge7 7. O-O O-O 8. Bf4
d5 9. exd5 Nxd5 10. Bd2 b6 11. Rb1 Bb7 12. Nxd5 exd5 13. Nf4 Ne7 14. b4 Bc6 15.
bxc5 bxc5 16. Qc1 Qd6 17. Qa3 Nf5 18. c3 Rfe8 19. Qa6 Bf8 20. Nxd5 Bxd5 21.
Qxd6 Bxd6 22. Bxd5 Rab8 23. Rb3 Ne7 24. Bg2 Nc8 25. Rxb8 Bxb8 26. Be3 Rd8 27.
Bxc5 Rxd3 28. Bd4 Bd6 29. Re1 Ne7 30. Bf1 Rd2 31. Re2 Rxe2 32. Bxe2 Nc6 33. Be3
Bb8 34. Kf1 f6 35. h4 Kg7 36. Bb5 Ne7 37. Ke2 Nd5 38. Bd4 Ne7 39. Kd3 Nf5 40.
Bc5 h5 41. Bd7 Nd6 42. Be3 Kf7 43. c4 Ke7 44. Bh3 Nf7 45. Bc5+ Kd8 46. Bd4 Ne5+
47. Kc3 f5 48. Bg2 Kd7 49. Bd5 Nc6 50. Be3 Be5+ 51. Kb3 Bb8 52. Bxc6+ 1-0

[Event "BL 8384 Bochum-Delmenhorst"]
[Site "?"]
[Date "1984.??.??"]
[Round "?.8"]
[White "Roevekamp, F."]
[Black "Dornieden, M."]
[Result "0-1"]
[WhiteElo "2325"]
[BlackElo "2290"]
[PlyCount "96"]
[EventDate "1984.??.??"]

1. e4 e5 2. Nc3 Nc6 3. Bc4 Nf6 4. d3 d6 5. Nf3 Be7 6. Bg5 O-O 7. h3 Nd7 8. Be3
Nb6 9. Bb3 Na5 10. O-O Nxb3 11. axb3 Be6 12. d4 exd4 13. Nxd4 Bd7 14. Ndb5 a6
15. Bxb6 cxb6 16. Nxd6 Bxh3 17. Nxb7 Qc7 18. gxh3 Qxb7 19. Qg4 Bf6 20. Rad1
Bxc3 21. bxc3 Rae8 22. Rfe1 Re6 23. Kh2 Qc6 24. Re3 Rf6 25. Rf3 Rxf3 26. Qxf3
f5 27. Re1 fxe4 28. Qxe4 Rxf2+ 29. Kg3 Qxe4 30. Rxe4 Rxc2 31. Rc4 b5 32. Rc5
Kf7 33. Kg4 Ke6 34. b4 Kd6 35. h4 Re2 36. Kf4 Re7 37. Rc8 Rc7 38. Ra8 Rxc3 39.
Rxa6+ Kd5 40. Ra7 Rc4+ 41. Kg3 Rc3+ 42. Kg4 Rc1 43. Kh5 g6+ 44. Kg5 Rg1+ 45.
Kh6 Rg4 46. Ra5 Rxh4+ 47. Kg5 Rh5+ 48. Kf6 Kc4 0-1

[Event "BL 8384 Solingen-HSK"]
[Site "?"]
[Date "1984.??.??"]
[Round "?.4"]
[White "Borik, O."]
[Black "Hess, C."]
[Result "1/2-1/2"]
[WhiteElo "2395"]
[BlackElo "2230"]
[PlyCount "39"]
[EventDate "1984.??.??"]

1. Nf3 Nf6 2. c4 e6 3. Nc3 c5 4. g3 d5 5. cxd5 Nxd5 6. Bg2 Nc6 7. O-O Be7 8. d4
O-O 9. Nxd5 exd5 10. dxc5 Bxc5 11. Ng5 h6 12. Nh3 Bf5 13. Nf4 d4 14. Nd3 Bb6
15. b3 Re8 16. Bb2 Be4 17. Bxe4 Rxe4 18. Rc1 Qe7 19. Rc2 Re8 20. Qc1 1/2-1/2

[Event "BL 8384 Solingen-HSK"]
[Site "?"]
[Date "1984.??.??"]
[Round "?.5"]
[White "Zieher, H."]
[Black "Werner, D."]
[Result "0-1"]
[WhiteElo "2235"]
[BlackElo "2340"]
[PlyCount "104"]
[EventDate "1984.??.??"]

1. e4 d5 2. exd5 Nf6 3. d4 Nxd5 4. c4 Nf6 5. Nc3 g6 6. Nf3 Bg7 7. Be2 O-O 8.
O-O c5 9. d5 Bg4 10. Be3 Nbd7 11. Ng5 Bxe2 12. Qxe2 Ne8 13. Rad1 Nd6 14. Nge4
b6 15. Bg5 Nf6 16. Bxf6 exf6 17. Nxd6 Qxd6 18. Rfe1 f5 19. Nb5 Qd7 20. Qe7 Rfd8
21. b3 Bf8 22. Qf6 a6 23. Na3 Qc7 24. Nc2 Rd6 25. Qe5 Bg7 26. Qf4 Rad8 27. Re3
R6d7 28. Qf3 Bh6 29. Re2 Qf4 30. Qxf4 Bxf4 31. Rde1 Kf8 32. g3 Bh6 33. a4 Bg7
34. Re3 Rb7 35. Kg2 Bf6 36. h4 h5 37. R1e2 Ra8 38. Na3 Bd4 39. Rd3 Re8 40.
Rxe8+ Kxe8 41. Nc2 Bb2 42. f4 b5 43. axb5 axb5 44. Kf3 bxc4 45. bxc4 Rb8 46.
Kf2 Kd7 47. Kf3 Bc1 48. Rd1 Rb3+ 49. Kf2 Bb2 50. Rb1 Bd4+ 51. Nxd4 Rxb1 52. Nf3
f6 0-1

[Event "BL 8384 Solingen-HSK"]
[Site "?"]
[Date "1984.??.??"]
[Round "?.7"]
[White "Bednarski, J."]
[Black "Capelan, G."]
[Result "0-1"]
[WhiteElo "2325"]
[BlackElo "2425"]
[PlyCount "82"]
[EventDate "1984.??.??"]

1. e4 c5 2. Nf3 e6 3. d4 cxd4 4. Nxd4 a6 5. Bd3 Nc6 6. Nxc6 dxc6 7. Bf4 Qf6 8.
Bc7 e5 9. Nd2 Bc5 10. Nf3 Bd6 11. Bxd6 Qxd6 12. Qd2 Ne7 13. Qa5 Ng6 14. h4 O-O
15. O-O-O Bg4 16. h5 Bxf3 17. Be2 Qf6 18. Bxf3 Nh4 19. Qc3 Rad8 20. Qe3 Nxf3
21. gxf3 Rxd1+ 22. Rxd1 Rd8 23. Rxd8+ Qxd8 24. h6 Qf6 25. hxg7 h5 26. Kd2 h4
27. Ke2 Kxg7 28. Qc1 h3 29. Qh1 Qh4 30. Qh2 f6 31. a4 b5 32. a5 c5 33. b3 Kf7
34. c4 b4 35. Kd1 Ke7 36. Ke2 Qh5 37. Qh1 f5 38. exf5 Qxf5 39. Qh2 Ke6 40. Qg3
Qc2+ 41. Kf1 Qd1# 0-1